Semut yang bekerja kuat dan cerita cerita lain

Bibliographic Details
Format: Book
Published: Batu Caves : PTS One Sdn. Bhd. , 2014
Series:Siri haiwan teladan
Subjects:

MARC

LEADER 00000cam a2200000 7i4500
001 0000200096
005 20160105.0
020 |a 9789674113261 
090 0 0 |a JF   |b SEM 
245 0 0 |a Semut yang bekerja kuat dan cerita cerita lain 
260 |a Batu Caves :   |b PTS One Sdn. Bhd. ,   |c 2014 
300 |a 68p. :   |b ill. ;   |c 22cm. 
490 0 |a Siri haiwan teladan 
650 0 |a Children's stories, Malay 
999 |a 00314725   |b BUKU   |c PINJAMAN   |e PERPUSTAKAAN KOMUNITI CAW KOTA DAMANSARA